| 000 | 00911cam a2200145ua 4500 | ||
|---|---|---|---|
| 041 |
_aeng _h |
||
| 082 |
_a028.746271 _bCBI/RI |
||
| 110 | 1 |
_aCentral board of I and P . _b _c(New Delhi ) |
|
| 245 |
_aRiver scour 28-29 April 1993, Varanasi proceedings / _cCentral Board of I and P. _hTextual Documents |
||
| 260 |
_aNew Delhi : _bCentral board of I and P , _c1995. |
||
| 300 | _a174 ; . | ||
| 504 | _a | ||
| 942 | _cBK | ||
| 999 |
_c821 _d821 |
||